Combien de pays faut-il traverser pour s'y rendre? - Statistiques

Statistiques générales
  • Ce quiz a été pris 159 fois
    124 depuis la dernière actualisation
  • Le résultat moyen est 14 sur 16
Statistiques - réponses
Point de départ Réponse Destination Exemple de chemin le plus court % Correct
Brésil 7 Etats-Unis Colombie, Panama, Costa Rica, Nicaragua, Honduras, Guatemala, Mexique
98%
Yémen 5 Érythrée Arabie Saoudite, Jordanie, Israël, Égypte, Soudan
97%
Vatican 3 Serbie Italie, Slovénie, Croatie
93%
France 0 Pays-Bas -
92%
Royaume-Uni 3 Tunisie Espagne, Maroc, Algérie
91%
Rwanda 2 Cameroun République démocratique du Congo, République du Congo
88%
Salvador 6 Uruguay Honduras, Nicaragua, Costa Rica, Panama, Colombie, Brésil
88%
Norvège 1 Azerbaïdjan Russie
85%
Chine 3 Arabie Saoudite Pakistan, Iran, Irak
82%
Indonésie 4 Kazakhstan Malaisie, Thailande, Birmanie, Chine
82%
République du Congo 2 Kénya République Centrafricaine, Soudan du Sud
79%
République Tchèque 3 Pérou Allemagne, France, Brésil
79%
Népal 5 Liban Inde, Pakistan, Iran, Irak, Syrie
79%
Laos 1 Pakistan Chine
75%
Danemark 3 Corée du Nord Allemagne, Pologne, Russie
71%
Portugal 6 Inde Espagne, France, Allemagne, Pologne, Russie, Chine
71%
Aucun quiz correspondant
Distribution des résultats
% des personnes avec chaque résultat
Percentile par nombre de réponses
Votre historique - résultats
Vous n’avez pas pris ce quiz depuis la dernière actualisation